[Event "Balatonlelle op-B"]
[Site "Balatonlelle"]
[Date "2006.06.24"]
[Round "8.12"]
[White "Neubauer, Herbert"]
[Black "Porat, Mordehi"]
[Result "0-1"]
[WhiteElo "2068"]
[BlackElo "1856"]
[PlyCount "105"]
[EventDate "2006.06.17"]
[EventType "swiss"]
[EventRounds "9"]
[EventCountry "HUN"]
[SourceTitle "EXT 2007"]
[Source "ChessBase"]
[SourceDate "2006.11.23"]
[SourceVersion "1"]
[SourceVersionDate "2006.11.23"]
[SourceQuality "1"]

1. e4 c5 2. Nf3 d6 3. d4 cxd4 4. Nxd4 Nf6 5. Nc3 g6 6. Be2 Bg7 7. Be3 0-0 8. 0-0 Nc6 9. Kh1 Bd7 10. f4 Qc8 11. Bf3 Ng4 12. Bg1 Nf6 13. Qd2 Kh8 14. Rad1 Ne8 15. Nd5 Qd8 16. c4 Nc7 17. Nc3 Ne6 18. Nxc6 Bxc6 19. b4 b6 20. Nd5 Rc8 21. Rc1 Bb7 22. f5 Nc7 23. Nf4 g5 24. Nh5 f6 25. Ng3 Rg8 26. Rfd1 Na6 27. a3 Nb8 28. Be3 Nd7 29. Bd4 Ne5 30. Bxe5 dxe5 31. Qe3 Qc7 32. Bh5 Rgd8 33. Bf7 Bf8 34. Be6 Rxd1+ 35. Rxd1 Rd8 36. Qb3 Bc8 37. Bxc8 Qxc8 38. Rd5 Rxd5 39. exd5 Qc7 40. Qd3 a6 41. Ne4 g4 42. g3 h5 43. c5 bxc5 44. bxc5 a5 45. Qb5 Qc8 46. Qf1 Qd7 47. Nc3 Bh6 48. Qd3 Bc1 49. c6 Qc8 50. Nb5 Kg7 51. c7 a4 52. Qc3 Bg5 53. Qc2 0-1

[Event "Balatonlelle op-B"]
[Site "Balatonlelle"]
[Date "2006.06.23"]
[Round "7.5"]
[White "Porat, Mordehi"]
[Black "Repasi, Zoltan"]
[Result "0-1"]
[WhiteElo "1856"]
[BlackElo "2127"]
[PlyCount "152"]
[EventDate "2006.06.17"]
[EventType "swiss"]
[EventRounds "9"]
[EventCountry "HUN"]
[SourceTitle "EXT 2007"]
[Source "ChessBase"]
[SourceDate "2006.11.23"]
[SourceVersion "1"]
[SourceVersionDate "2006.11.23"]
[SourceQuality "1"]

1. e4 c5 2. c3 d5 3. exd5 Qxd5 4. d4 Nf6 5. Nf3 Bg4 6. Be2 e6 7. Be3 cxd4 8. cxd4 Nc6 9. Nc3 Bb4 10. 0-0 Bxc3 11. bxc3 0-0 12. Qb3 Na5 13. Qxd5 exd5 14. Bd3 Bxf3 15. gxf3 Rac8 16. Rfc1 Nc4 17. Rab1 b6 18. Bxc4 Rxc4 19. Rb3 Rfc8 20. Bd2 Kf8 21. Re1 Ng8 22. Bc1 f6 23. Bd2 Ne7 24. Kg2 Ra4 25. Ra1 Kf7 26. Rb5 Rc6 27. a3 Ke6 28. Rb4 Rc4 29. Rb5 Kd7 30. Kf1 Kc6 31. Rbb1 b5 32. Re1 Kd7 33. Reb1 a6 34. Kg2 Nc6 35. Kg3 Ne7 36. Kg4 g6 37. Kg3 Nc8 38. h4 h5 39. Re1 Rc6 40. Kf4 Re6 41. Rxe6 Kxe6 42. Re1+ Kf7 43. Bc1 Nb6 44. Re2 Nc4 45. Ra2 a5 46. Ra1 b4 47. Rb1 bxa3 48. Ra1 a2 49. Kg3 Ke6 50. Kg2 Kf5 51. Kg3 g5 52. hxg5 fxg5 53. Kh3 g4+ 54. fxg4+ hxg4+ 55. Kg3 Nd6 56. f3 gxf3 57. Kxf3 Ne4 58. Ke3 Nxc3 59. Kd3 Nd1 60. Kc2 Rxd4 61. Rxa2 a4 62. Bd2 Nf2 63. Ra3 Rc4+ 64. Rc3 Ne4 65. Rxc4 dxc4 66. Bb4 Ke5 67. Kb2 Kd4 68. Kc2 c3 69. Ba3 Kc4 70. Bf8 Nf6 71. Bg7 Nd5 72. Bf8 Nb4+ 73. Kc1 Kb3 74. Bh6 a3 75. Kb1 a2+ 76. Ka1 Nc2# 0-1

[Event "Brno Duras BVK op-A"]
[Site "Brno"]
[Date "2006.??.??"]
[Round "5"]
[White "Martisek, Karel"]
[Black "Porat, Mordehi"]
[Result "1-0"]
[WhiteElo "1965"]
[BlackElo "2010"]
[PlyCount "95"]
[EventDate "2006.07.??"]
[EventType "swiss"]
[EventRounds "9"]
[EventCountry "CZE"]
[SourceTitle "EXT 2008"]
[Source "ChessBase"]
[SourceDate "2007.11.25"]
[SourceVersion "1"]
[SourceVersionDate "2007.11.25"]
[SourceQuality "1"]

1. e4 c5 2. Nf3 d6 3. Be2 Nf6 4. d3 g6 5. c3 Bg7 6. h3 0-0 7. Be3 b6 8. Nbd2 Bb7 9. Nf1 d5 10. e5 Nfd7 11. d4 e6 12. N1h2 f6 13. exf6 Bxf6 14. 0-0 Ba6 15. Ng4 Bg7 16. Re1 Nf6 17. Nxf6+ Bxf6 18. dxc5 Bxe2 19. Qxe2 Nd7 20. cxb6 axb6 21. a3 Re8 22. Rad1 Rc8 23. Qd2 Nc5 24. Bxc5 bxc5 25. Re2 Rc7 26. Rde1 Qc8 27. Qf4 Bg7 28. Rxe6 Rxe6 29. Rxe6 Qxe6 30. Qxc7 c4 31. Qb8+ Bf8 32. Qe5 Qxe5 33. Nxe5 Bh6 34. a4 Bf4 35. Nc6 Bd6 36. a5 Bc5 37. a6 Kf7 38. a7 Bxa7 39. Nxa7 Ke6 40. Kf1 Ke5 41. Ke2 Ke4 42. f3+ Kf4 43. Nb5 g5 44. Nc7 Ke5 45. Ke3 h5 46. h4 gxh4 47. f4+ Kd6 48. Kd4 1-0